Ciascuno la sua notte /

Gespeichert in:
Bibliographische Detailangaben
1. Verfasser: Green, Julien (Verfasst von)
Weitere Verfasser: Valentini, Giuseppe (omonimi non identificati), Toschi, Gastone
Format: Buch
Sprache:Italienisch
Veröffentlicht: Milano : Club degli editori, stampa 1962
Schriftenreihe:Un libro al mese. B ; 9
Tags: Tag hinzufügen
Keine Tags, Fügen Sie das erste Tag hinzu!

MARC

LEADER 00000nam a22000007i 4500
001 IT\ICCU\SBL\0618924
003 ItRI
005 20251002143539.0
008 910930s1962 it |||||| ||||| |||||c
015 |2 IT  |a 631993 
040 |b ita  |c ct 
041 7 |a ita  |2 ISO-639-2 
082 |a 843.91  |2 16 
100 1 |a Green, Julien  |0 IT\ICCU\CFIV\031783  |4 aut 
240 1 0 |a Chaque homme dans sa nuit  |9 Green, Julien 
245 1 0 |a Ciascuno la sua notte /  |c Julien Green. 
260 |a Milano :  |b Club degli editori,  |c stampa 1962 
300 |a 369 p. ;  |c 21 cm 
500 |a Traduzione di G. Toschi, G. Valentini. 
700 1 |a Valentini, Giuseppe  |c  (omonimi non identificati)  |0 IT\ICCU\LO1V\476501 
700 1 |a Toschi, Gastone  |0 IT\ICCU\RAVV\044159 
830 3 |a Un libro al mese. B ;  |v 9  |0 IT\ICCU\UMC\0778865 
942 |2 ddc  |c BK 
952 |0 0  |1 0  |2 ddc  |4 0  |6 B_LNR02GREJUCIA11  |7 0  |9 7546  |a MI  |b MI  |d 2011-07-25  |i 1944  |l 0  |o B-LNR02-GREJU-CIA11  |p CDOM1944  |r 2025-07-13 16:28:00  |w 2025-07-13  |x ACQUISTO  |y BK 
999 |c 6238  |d 6238